The telomere (Record no. 72578)

MARC details
000 -LEADER
fixed length control field 00570nam a2200205Ia 4500
008 - FIXED-LENGTH DATA ELEMENTS--GENERAL INFORMATION
fixed length control field 191130s1995##################000#0#eng##
020 ## - INTERNATIONAL STANDARD BOOK NUMBER
ISBN 9780199636006
082 ## - DEWEY DECIMAL CLASSIFICATION NUMBER
Classification number 574.87322 KIP
100 ## - MAIN ENTRY--AUTHOR NAME
Personal name Kipling, David
245 ## - TITLE STATEMENT
Title The telomere
Statement of responsibility, etc David Kipling
260 ## - PUBLICATION, DISTRIBUTION, ETC. (IMPRINT)
Place of publication Oxford
Name of publisher Oxford University Press
Year of publication 1995
300 ## - PHYSICAL DESCRIPTION
Number of Pages x, 208 p. : ill. ; 24 cm
500 ## - GENERAL NOTE
General note Includes bibliographical references and index
650 ## - SUBJECT ADDED ENTRY--TOPICAL TERM
Topical Term Telomere
991 ## -
-- 241395
Holdings
Withdrawn status Lost status Damaged status Not for loan Home library Current library Shelving location Date acquired Full call number Accession Number Price effective from Koha item type
        Anna Centenary Library Anna Centenary Library 5TH FLOOR, A WING 09.10.2020 574.87322 KIP 199962 09.10.2020 English Books

Find us on the map